000 01874cam a22004574i 4500
003 PE-LiUPU
005 20250731172738.0
008 150617s1971 sp r 000 0 spa d
035 _a(Sirsi) a11854
040 _aPE-LiUPU
_bspa
_cPE-LiUPU
_erda
049 _aPRUA
082 0 4 _a225
_bA31
_221
100 1 _aCullman, Oscar,
_eautor.
245 1 3 _aEl Nuevo testamento /
_cOscar Cullman.
264 1 _aEspaña :
_bTaurus ediciones,
_c1971.
300 _a196 páginas ;
_c15 centímetros
336 _atext
_2rdacontent
337 _aunmediated
_2rdamedia
338 _avolume
_2rdacarrier
490 0 _aEl futuro de la verdad ;
_v42
505 0 _aLos documentos-base -- Clasificación de los documentos-base -- Historia del texto impreso -- Las obras narrativas -- El evangelio según Mateo -- El evangelio según Marcos -- El evangelio según Lucas -- El evangelio según Juan -- Los hechos de los apóstoles -- Las primeras epístolas -- Las grandes epístolas -- Las epístolas de la cautividad -- Las epístolas pastorales -- La epístola a los hebreos -- Las epístolas católicas -- El apocalipsis.
526 _aSEG42
526 _aSEG41
526 _aSEG40
526 _aSEG39
526 _aP94
526 _aP87
526 _aP86
526 _aP85
526 _aP77
526 _aP76
526 _aP35
630 _aBiblia
_pN.T.
_xComentarios.
910 _ajck
_bjvq
_cjck
_d20150616
942 _2ddc
_cBOOK
949 _a225 A31
_wDEWEY
_c1
_i11579
_lCCODEBUL1
_mBUL
_p00.00
_r0
_sY
_tBOOK
_u2015-04-21
_xTEOLOGIA
_PP35
_0COMPRA
_o.STAFF. Colección Teología
994 _aC0
_bPEPRU
596 _a1
999 _a225 A31
_wDEWEY
_c2047
_i11579
_d2047
_e2017-5-16
_f2021-11-11
_g5
_lCCODEBUL1
_mBUL
_n3
_p28.00
_r0
_sY
_tBOOK
_u2015-4-21
_xTEOLOGIA
_PP35
_0COMPRA
_o.STAFF. Colección Teología
980 _81
_gALBERTO SANCHEZ Responsable de Automatización